Guess Liverpool 2018/19 squad by image - Statistics

General Stats
  • This quiz has been taken 62 times
  • The average score is 17 of 20
Answer Stats
Picture Answer % Correct
Jürgen Klopp
98%
Virgil van Dijk
98%
Alisson
96%
Mohamed Salah
96%
Sadio Mané
94%
Roberto Firmino
90%
Trent Alexander-Arnold
88%
Jordan Henderson
86%
Andrew Robertson
84%
Fabinho
84%
James Milner
82%
Joel Matip
80%
Georginio Wijnaldum
78%
Joe Gómez
78%
Naby Keita
78%
Xherdan Shaqiri
74%
Adam Lallana
72%
Dejan Lovren
70%
Divock Origi
70%
Daniel Sturridge
54%
No matching quizzes found
Score Distribution
Percent of People with Each Score
Percentile by Number Answered
Your Score History
You have not taken this quiz